[Event "British Rapidplay Championship 2023"]
[Site "Mercure Bradford, Bankfield Hotel"]
[Date "2023.04.15"]
[Round "5.14"]
[White "De Silva, Sithun"]
[Black "Buckley, Colm"]
[Result "0-1"]
[TimeControl "All moves in 15 minutes plus 10 second increment per move from move 1"]
[WhiteElo "1507"]
[BlackElo "1870"]

1. e4 {[%clk 00:15:18]} {[%emt 00:00:02]} e6 {[%clk 00:15:19]} {[%emt
00:00:02]} 2. d4 {[%clk 00:15:24]} {[%emt 00:00:04]} d5 {[%clk 00:15:27]}
{[%emt 00:00:01]} 3. Nc3 {[%clk 00:15:29]} {[%emt 00:00:06]} Nf6 {[%clk
00:15:31]} {[%emt 00:00:06]} 4. e5 {[%clk 00:15:36]} {[%emt 00:00:02]} Nfd7
{[%clk 00:15:38]} {[%emt 00:00:03]} 5. f4 {[%clk 00:15:43]} {[%emt 00:00:03]}
c5 {[%clk 00:15:24]} {[%emt 00:00:24]} 6. Nf3 {[%clk 00:15:46]} {[%emt
00:00:08]} Nc6 {[%clk 00:14:57]} {[%emt 00:00:37]} 7. Be3 {[%clk 00:15:51]}
{[%emt 00:00:04]} a6 {[%clk 00:14:51]} {[%emt 00:00:17]} 8. Qd2 {[%clk
00:15:27]} {[%emt 00:00:32]} b5 {[%clk 00:14:46]} {[%emt 00:00:16]} 9. dxc5
{[%clk 00:15:33]} {[%emt 00:00:04]} Nxc5 {[%clk 00:13:45]} {[%emt 00:01:12]} 10.
Nd4 {[%clk 00:14:23]} {[%emt 00:01:19]} Bb7 {[%clk 00:12:52]} {[%emt 00:01:03]}
11. O-O-O {[%clk 00:12:48]} {[%emt 00:01:46]} b4 {[%clk 00:11:39]} {[%emt
00:01:23]} 12. Nxc6 {[%clk 00:09:31]} {[%emt 00:03:27]} Bxc6 {[%clk 00:10:51]}
{[%emt 00:00:57]} 13. Bxc5 {[%clk 00:09:28]} {[%emt 00:00:14]} Bxc5 {[%clk
00:10:25]} {[%emt 00:00:36]} 14. Ne2 {[%clk 00:09:27]} {[%emt 00:00:10]} Qb6
{[%clk 00:09:30]} {[%emt 00:01:05]} 15. Nd4 {[%clk 00:09:31]} {[%emt 00:00:06]}
O-O {[%clk 00:07:46]} {[%emt 00:01:54]} 16. Kb1 {[%clk 00:09:17]} {[%emt
00:00:25]} Bb5 {[%clk 00:07:14]} {[%emt 00:00:42]} 17. f5 {[%clk 00:07:30]}
{[%emt 00:01:56]} Bxd4 {[%clk 00:04:41]} {[%emt 00:02:43]} 18. Qxd4 {[%clk
00:07:37]} {[%emt 00:00:03]} Qxd4 {[%clk 00:04:35]} {[%emt 00:00:17]} 19. Rxd4
{[%clk 00:07:44]} {[%emt 00:00:02]} Bxf1 {[%clk 00:04:25]} {[%emt 00:00:21]} 20.
Rxf1 {[%clk 00:07:50]} {[%emt 00:00:03]} a5 {[%clk 00:04:11]} {[%emt 00:00:24]}
21. Rdf4 {[%clk 00:07:14]} {[%emt 00:00:46]} exf5 {[%clk 00:02:23]} {[%emt
00:01:59]} 22. Rxf5 {[%clk 00:06:28]} {[%emt 00:00:54]} Rae8 {[%clk 00:02:31]}
{[%emt 00:00:03]} 23. Re1 {[%clk 00:05:19]} {[%emt 00:01:17]} Re6 {[%clk
00:02:32]} {[%emt 00:00:11]} 24. Rf3 {[%clk 00:05:17]} {[%emt 00:00:19]} Rfe8
{[%clk 00:02:37]} 25. Ref1 {[%clk 00:04:19]} {[%emt 00:01:07]} Rxe5 {[%clk
00:02:40]} {[%emt 00:00:06]} 26. Kc1 {[%clk 00:04:11]} {[%emt 00:00:17]} f6
{[%clk 00:02:16]} {[%emt 00:00:36]} 27. a3 {[%clk 00:04:05]} {[%emt 00:00:17]}
Re2 {[%clk 00:01:45]} {[%emt 00:00:40]} 28. R1f2 {[%clk 00:03:26]} {[%emt
00:00:45]} Kf7 {[%clk 00:01:14]} {[%emt 00:00:44]} 29. axb4 {[%clk 00:03:03]}
{[%emt 00:00:34]} axb4 {[%clk 00:01:23]} {[%emt 00:00:01]} 30. Kd1 {[%clk
00:03:08]} {[%emt 00:00:03]} Rxf2 {[%clk 00:01:26]} {[%emt 00:00:09]} 31. Rxf2
{[%clk 00:03:15]} {[%emt 00:00:02]} Re4 {[%clk 00:01:33]} {[%emt 00:00:03]} 32.
Kd2 {[%clk 00:03:09]} {[%emt 00:00:15]} Ke6 {[%clk 00:01:35]} {[%emt 00:00:09]}
33. c3 {[%clk 00:02:42]} {[%emt 00:00:37]} bxc3+ {[%clk 00:01:41]} {[%emt
00:00:05]} 34. bxc3 {[%clk 00:02:50]} {[%emt 00:00:02]} h5 {[%clk 00:01:37]}
{[%emt 00:00:13]} 35. g3 {[%clk 00:01:14]} {[%emt 00:01:44]} g5 {[%emt
00:00:14]} 36. h3 {[%clk 00:01:19]} Ke5 {[%clk 00:01:42]} {[%emt 00:00:07]} 37.
Kd3 {[%clk 00:01:15]} {[%emt 00:00:11]} f5 {[%clk 00:01:22]} {[%emt 00:00:33]}
38. Rg2 {[%clk 00:00:53]} {[%emt 00:00:31]} Kf6 {[%clk 00:01:07]} {[%emt
00:00:26]} 39. Rf2 {[%clk 00:00:38]} {[%emt 00:00:24]} f4 {[%clk 00:00:53]}
{[%emt 00:00:25]} 40. gxf4 {[%clk 00:00:16]} {[%emt 00:00:33]} gxf4 {[%clk
00:00:31]} {[%emt 00:00:31]} 41. Rf3 {[%clk 00:00:12]} {[%emt 00:00:11]} Kg5
{[%clk 00:00:28]} {[%emt 00:00:16]} 42. Kd2 {[%clk 00:00:15]} {[%emt 00:00:06]}
Kf5 {[%clk 00:00:23]} {[%emt 00:00:17]} 43. Rd3 {[%clk 00:00:20]} {[%emt
00:00:03]} Ke5 {[%clk 00:00:27]} {[%emt 00:00:07]} 44. Rf3 {[%clk 00:00:18]}
{[%emt 00:00:07]} d4 {[%clk 00:00:33]} {[%emt 00:00:10]} 45. cxd4+ {[%clk
00:00:11]} {[%emt 00:00:18]} Rxd4+ {[%clk 00:00:41]} {[%emt 00:00:01]} 46. Kc3
{[%clk 00:00:16]} {[%emt 00:00:05]} Ra4 {[%clk 00:00:41]} {[%emt 00:00:10]} 47.
Kd2 {[%clk 00:00:21]} {[%emt 00:00:04]} Ra2+ {[%emt 00:00:09]} 48. Ke1 {[%clk
00:00:24]} Ke4 {[%clk 00:00:57]} {[%emt 00:00:03]} 49. Rb3 {[%clk 00:00:31]}
{[%emt 00:00:01]} Rh2 {[%clk 00:00:57]} {[%emt 00:00:11]} 50. Kf1 {[%clk
00:00:38]} {[%emt 00:00:03]} f3 {[%clk 00:01:00]} {[%emt 00:00:07]} 51. Kg1
{[%clk 00:00:41]} {[%emt 00:00:06]} Rxh3 {[%clk 00:01:07]} {[%emt 00:00:04]} 52.
Rb4+ {[%clk 00:00:49]} {[%emt 00:00:02]} Ke3 {[%clk 00:01:15]} {[%emt
00:00:03]} 53. Rb3+ {[%clk 00:00:57]} {[%emt 00:00:01]} Kf4 {[%emt 00:00:05]}
54. Kf2 {[%clk 00:01:02]} Rh2+ {[%clk 00:01:32]} {[%emt 00:00:04]} 55. Kg1
{[%clk 00:01:11]} Ra2 {[%clk 00:01:40]} {[%emt 00:00:01]} 56. Rb8 {[%clk
00:01:14]} {[%emt 00:00:06]} Kg3 {[%clk 00:01:42]} {[%emt 00:00:09]} 57. Rg8+
{[%clk 00:01:21]} {[%emt 00:00:03]} Kh3 {[%clk 00:01:51]} {[%emt 00:00:01]} 58.
Rf8 {[%clk 00:01:21]} {[%emt 00:00:10]} Kg3 {[%clk 00:01:50]} {[%emt 00:00:11]}
59. Rg8+ {[%clk 00:01:29]} {[%emt 00:00:02]} Kf4 {[%clk 00:01:59]} {[%emt
00:00:01]} 60. Rf8+ {[%clk 00:01:34]} {[%emt 00:00:05]} Kg5 {[%clk 00:02:03]}
{[%emt 00:00:06]} 61. Rxf3 {[%clk 00:01:34]} {[%emt 00:00:10]} Kg4 {[%clk
00:02:10]} {[%emt 00:00:04]} 62. Rf8 {[%clk 00:01:41]} {[%emt 00:00:02]} h4
{[%clk 00:02:13]} {[%emt 00:00:08]} 63. Rg8+ {[%clk 00:01:46]} {[%emt
00:00:04]} Kh3 {[%clk 00:02:22]} {[%emt 00:00:02]} 64. Rg7 {[%clk 00:01:47]}
{[%emt 00:00:07]} Ra1+ {[%clk 00:02:28]} {[%emt 00:00:06]} 65. Kf2 {[%clk
00:01:50]} {[%emt 00:00:03]} Kh2 {[%clk 00:02:34]} {[%emt 00:00:08]} 66. Rg2
{[%clk 00:01:57]} {[%emt 00:00:03]} Kh1 {[%clk 00:02:22]} {[%emt 00:00:21]} 67.
Rg4 {[%clk 00:01:50]} {[%emt 00:00:10]} h3 {[%clk 00:02:25]} {[%emt 00:00:14]}
68. Rg8 {[%clk 00:01:27]} {[%emt 00:00:33]} Ra2+ {[%clk 00:02:31]} {[%emt
00:00:05]} 69. Ke3 {[%clk 00:01:34]} {[%emt 00:00:03]} h2 {[%clk 00:02:32]}
{[%emt 00:00:09]} 70. Kf3 {[%clk 00:01:34]} {[%emt 00:00:05]} Rb2 {[%clk
00:02:39]} {[%emt 00:00:15]} 71. Rg7 {[%clk 00:01:40]} Rb1 {[%clk 00:02:39]}
{[%emt 00:00:06]} 72. Kf2 {[%clk 00:01:37]} {[%emt 00:00:12]} Rg1 {[%clk
00:02:32]} {[%emt 00:00:18]} 73. Rh7 {[%clk 00:01:44]} {[%emt 00:00:04]} Rg6
{[%clk 00:02:32]} {[%emt 00:00:09]} 74. Rh8 {[%clk 00:00:57]} {[%emt 00:00:57]}
Rf6+ {[%clk 00:02:25]} {[%emt 00:00:18]} 75. Ke2 {[%clk 00:00:58]} {[%emt
00:00:05]} Rf4 {[%clk 00:02:03]} {[%emt 00:00:35]} 76. Rh7 {[%clk 00:00:57]}
{[%emt 00:00:07]} Kg2 {[%clk 00:02:09]} {[%emt 00:00:08]} 77. Rg7 {[%clk
00:01:05]} {[%emt 00:00:02]} Kh3 {[%clk 00:02:18]} {[%emt 00:00:01]} 78. Ke3
{[%clk 00:00:48]} {[%emt 00:00:27]} Rh4 {[%clk 00:02:13]} {[%emt 00:00:14]} 79.
Kf2 {[%clk 00:00:29]} {[%emt 00:00:31]} h1=Q {[%clk 00:02:16]} {[%emt
00:00:07]} 80. Rg3+ {[%clk 00:00:32]} {[%emt 00:00:06]} Kh2 {[%clk 00:02:23]}
{[%emt 00:00:03]} 0-1

[Event "British Rapidplay Championship 2023"]
[Site "Mercure Bradford, Bankfield Hotel"]
[Date "2023.04.15"]
[Round "5.15"]
[White "Wood, Jack"]
[Black "May, Paul"]
[Result "0-1"]
[TimeControl "All moves in 15 minutes plus 10 second increment per move from move 1"]
[WhiteElo "1626"]
[BlackElo "1860"]

1. e4 {[%clk 00:15:18]} {[%emt 00:00:01]} c5 {[%clk 00:15:19]} {[%emt
00:00:02]} 2. Nf3 {[%clk 00:15:04]} {[%emt 00:00:24]} a6 {[%clk 00:15:27]}
{[%emt 00:00:02]} 3. d4 {[%clk 00:15:10]} {[%emt 00:00:03]} cxd4 {[%clk
00:15:34]} {[%emt 00:00:04]} 4. Nxd4 {[%clk 00:15:17]} {[%emt 00:00:02]} Nf6
{[%clk 00:15:42]} {[%emt 00:00:03]} 5. Nc3 {[%clk 00:15:23]} {[%emt 00:00:04]}
e5 {[%clk 00:15:50]} {[%emt 00:00:02]} 6. Nb3 {[%clk 00:15:29]} {[%emt
00:00:04]} Bb4 {[%clk 00:15:54]} {[%emt 00:00:06]} 7. Qf3 {[%clk 00:13:43]}
{[%emt 00:01:56]} Nc6 {[%clk 00:14:42]} {[%emt 00:01:22]} 8. Bd2 {[%clk
00:13:05]} {[%emt 00:00:49]} d6 {[%clk 00:13:21]} {[%emt 00:01:30]} 9. Bd3
{[%clk 00:10:40]} {[%emt 00:02:35]} O-O {[%clk 00:12:05]} {[%emt 00:01:27]} 10.
a3 {[%clk 00:10:19]} {[%emt 00:00:31]} Bxc3 {[%clk 00:11:59]} {[%emt 00:00:14]}
11. Bxc3 {[%clk 00:10:26]} {[%emt 00:00:03]} Bg4 {[%clk 00:11:28]} {[%emt
00:00:41]} 12. Qe3 {[%clk 00:10:05]} {[%emt 00:00:33]} Bh5 {[%clk 00:11:17]}
{[%emt 00:00:20]} 13. f3 {[%clk 00:10:12]} {[%emt 00:00:03]} Bg6 {[%clk
00:10:59]} {[%emt 00:00:28]} 14. O-O-O {[%clk 00:09:52]} {[%emt 00:00:31]} b5
{[%clk 00:10:40]} {[%emt 00:00:29]} 15. h4 {[%clk 00:09:47]} {[%emt 00:00:15]}
h5 {[%clk 00:09:52]} {[%emt 00:00:57]} 16. Be2 {[%clk 00:09:37]} {[%emt
00:00:20]} Rc8 {[%clk 00:09:07]} {[%emt 00:00:54]} 17. g4 {[%clk 00:09:28]}
{[%emt 00:00:20]} hxg4 {[%clk 00:08:27]} {[%emt 00:00:49]} 18. h5 {[%clk
00:08:23]} {[%emt 00:01:16]} Nxh5 {[%clk 00:07:02]} {[%emt 00:01:35]} 19. Rxh5
{[%clk 00:06:20]} {[%emt 00:02:12]} Bxh5 {[%clk 00:07:06]} {[%emt 00:00:06]} 20.
fxg4 {[%clk 00:06:28]} {[%emt 00:00:02]} Bg6 {[%clk 00:07:05]} {[%emt
00:00:12]} 21. Rh1 {[%clk 00:05:24]} {[%emt 00:01:13]} f6 {[%clk 00:06:54]}
{[%emt 00:00:22]} 22. g5 {[%clk 00:04:54]} {[%emt 00:00:40]} Kf7 {[%clk
00:06:10]} {[%emt 00:00:54]} 23. Bg4 {[%clk 00:03:57]} {[%emt 00:01:07]} Rb8
{[%clk 00:06:01]} {[%emt 00:00:18]} 24. gxf6 {[%clk 00:03:36]} {[%emt
00:00:32]} gxf6 {[%clk 00:06:02]} {[%emt 00:00:09]} 25. Qh3 {[%clk 00:03:42]}
{[%emt 00:00:04]} Rh8 {[%clk 00:05:47]} {[%emt 00:00:25]} 26. Be6+ {[%clk
00:02:47]} {[%emt 00:01:05]} Kg7 {[%clk 00:05:17]} {[%emt 00:00:39]} 27. Qg2
{[%clk 00:02:10]} {[%emt 00:00:47]} Rxh1+ {[%clk 00:05:23]} {[%emt 00:00:04]}
28. Qxh1 {[%clk 00:02:18]} {[%emt 00:00:02]} Qh8 {[%clk 00:05:25]} {[%emt
00:00:08]} 29. Qg2 {[%clk 00:02:25]} {[%emt 00:00:03]} Qh4 {[%clk 00:04:21]}
{[%emt 00:01:14]} 30. Bf5 {[%clk 00:01:07]} {[%emt 00:01:29]} Qg5+ {[%clk
00:04:16]} {[%emt 00:00:14]} 31. Qxg5 {[%clk 00:00:59]} {[%emt 00:00:19]} fxg5
{[%clk 00:04:23]} {[%emt 00:00:03]} 32. Bxg6 {[%clk 00:00:32]} {[%emt
00:00:37]} Kxg6 {[%clk 00:04:30]} {[%emt 00:00:02]} 33. Nd2 {[%clk 00:00:36]}
{[%emt 00:00:07]} b4 {[%clk 00:04:13]} {[%emt 00:00:28]} 34. axb4 {[%clk
00:00:43]} {[%emt 00:00:03]} Nxb4 {[%clk 00:04:20]} {[%emt 00:00:01]} 35. Nc4
{[%clk 00:00:27]} {[%emt 00:00:26]} Na2+ {[%clk 00:04:19]} {[%emt 00:00:11]} 36.
Kd2 {[%clk 00:00:35]} {[%emt 00:00:02]} Nxc3 {[%clk 00:04:27]} {[%emt
00:00:03]} 37. Kxc3 {[%clk 00:00:43]} {[%emt 00:00:02]} Rd8 {[%clk 00:04:17]}
{[%emt 00:00:19]} 38. Kd3 {[%clk 00:00:48]} {[%emt 00:00:05]} Kf6 {[%clk
00:04:13]} {[%emt 00:00:12]} 39. Ne3 {[%clk 00:00:56]} {[%emt 00:00:06]} Ke6
{[%clk 00:03:38]} {[%emt 00:00:43]} 40. c3 {[%clk 00:00:33]} {[%emt 00:00:34]}
a5 {[%clk 00:02:33]} {[%emt 00:01:15]} 41. Nc2 {[%clk 00:00:14]} {[%emt
00:00:29]} Rb8 {[%clk 00:02:22]} {[%emt 00:00:21]} 42. b4 {[%clk 00:00:22]}
{[%emt 00:00:02]} axb4 {[%clk 00:02:24]} {[%emt 00:00:08]} 43. Nxb4 {[%clk
00:00:31]} {[%emt 00:00:02]} g4 {[%clk 00:02:19]} {[%emt 00:00:14]} 44. Ke2
{[%clk 00:00:27]} {[%emt 00:00:14]} Rf8 {[%clk 00:02:27]} {[%emt 00:00:01]} 45.
Nd3 {[%clk 00:00:26]} {[%emt 00:00:12]} g3 {[%clk 00:01:51]} {[%emt 00:00:46]}
46. Ne1 {[%clk 00:00:34]} {[%emt 00:00:01]} Rf2+ {[%clk 00:01:48]} {[%emt
00:00:12]} 47. Ke3 {[%clk 00:00:40]} {[%emt 00:00:06]} Rf1 {[%clk 00:01:24]}
{[%emt 00:00:32]} 48. Ng2 {[%clk 00:00:34]} {[%emt 00:00:18]} Rc1 {[%clk
00:01:22]} {[%emt 00:00:11]} 49. Kd2 {[%clk 00:00:19]} {[%emt 00:00:27]} Rg1
{[%clk 00:01:21]} {[%emt 00:00:08]} 50. Ne1 {[%clk 00:00:26]} {[%emt 00:00:05]}
g2 {[%clk 00:01:20]} {[%emt 00:00:11]} 51. Ke2 {[%clk 00:00:27]} {[%emt
00:00:09]} Rxe1+ {[%clk 00:01:27]} {[%emt 00:00:03]} 0-1

[Event "British Rapidplay Championship 2023"]
[Site "Mercure Bradford, Bankfield Hotel"]
[Date "2023.04.15"]
[Round "5.16"]
[White "Slinger, AJ (Tony)"]
[Black "Lukhi, Neev"]
[Result "1-0"]
[TimeControl "All moves in 15 minutes plus 10 second increment per move from move 1"]
[WhiteElo "1841"]
[BlackElo "1544"]

1. c4 {[%clk 00:15:19]} Nf6 {[%clk 00:15:18]} {[%emt 00:00:02]} 2. Nc3 {[%clk
00:15:28]} {[%emt 00:00:01]} e6 {[%clk 00:15:20]} {[%emt 00:00:09]} 3. e3
{[%clk 00:15:35]} {[%emt 00:00:02]} d5 {[%clk 00:15:17]} {[%emt 00:00:13]} 4.
Nf3 {[%clk 00:15:43]} {[%emt 00:00:02]} Be7 {[%clk 00:15:16]} {[%emt 00:00:10]}
5. b3 {[%clk 00:15:24]} {[%emt 00:00:30]} O-O {[%clk 00:15:03]} {[%emt
00:00:23]} 6. Be2 {[%emt 00:00:36]} c5 {[%clk 00:14:49]} 7. d3 {[%clk
00:15:08]} {[%emt 00:00:24]} b6 {[%clk 00:14:22]} {[%emt 00:00:38]} 8. O-O
{[%clk 00:15:15]} {[%emt 00:00:02]} Bb7 {[%clk 00:14:30]} {[%emt 00:00:02]} 9.
Bb2 {[%clk 00:15:01]} {[%emt 00:00:24]} Nc6 {[%clk 00:14:13]} {[%emt 00:00:27]}
10. cxd5 {[%clk 00:14:56]} {[%emt 00:00:15]} exd5 {[%clk 00:14:20]} {[%emt
00:00:02]} 11. d4 {[%clk 00:14:58]} {[%emt 00:00:09]} cxd4 {[%clk 00:13:18]}
{[%emt 00:01:12]} 12. Nxd4 {[%clk 00:14:52]} {[%emt 00:00:17]} Nxd4 {[%clk
00:13:21]} {[%emt 00:00:07]} 13. Qxd4 {[%clk 00:14:56]} {[%emt 00:00:06]} Bc5
{[%clk 00:13:12]} {[%emt 00:00:19]} 14. Qh4 {[%clk 00:14:25]} {[%emt 00:00:39]}
Ne4 {[%clk 00:10:30]} {[%emt 00:02:53]} 15. Qxd8 {[%clk 00:13:58]} {[%emt
00:00:38]} Rfxd8 {[%clk 00:10:20]} {[%emt 00:00:19]} 16. Rfd1 {[%clk 00:12:30]}
{[%emt 00:01:38]} Nxc3 {[%clk 00:09:49]} {[%emt 00:00:41]} 17. Bxc3 {[%clk
00:12:38]} {[%emt 00:00:01]} Rac8 {[%clk 00:09:38]} {[%emt 00:00:20]} 18. Bd4
{[%clk 00:11:42]} {[%emt 00:01:09]} Bxd4 {[%clk 00:08:16]} {[%emt 00:01:32]} 19.
Rxd4 {[%clk 00:11:48]} {[%emt 00:00:03]} Rc2 {[%clk 00:07:54]} {[%emt
00:00:32]} 20. Bd3 {[%clk 00:10:51]} {[%emt 00:01:08]} Rc7 {[%clk 00:07:32]}
{[%emt 00:00:30]} 21. Rd1 {[%clk 00:10:55]} {[%emt 00:00:07]} g6 {[%clk
00:06:39]} {[%emt 00:01:03]} 22. h4 {[%clk 00:10:19]} {[%emt 00:00:45]} Rdc8
{[%clk 00:05:54]} {[%emt 00:00:56]} 23. h5 {[%clk 00:08:39]} {[%emt 00:01:51]}
Rc1 {[%clk 00:05:19]} {[%emt 00:00:45]} 24. Rxc1 {[%emt 00:00:34]} Rxc1+ {[%emt
00:00:02]} 25. Kh2 {[%clk 00:08:11]} Ra1 {[%clk 00:04:29]} {[%emt 00:01:00]} 26.
hxg6 {[%clk 00:08:19]} {[%emt 00:00:02]} hxg6 {[%clk 00:04:32]} {[%emt
00:00:07]} 27. a4 {[%clk 00:08:12]} {[%emt 00:00:17]} Ra3 {[%clk 00:04:06]}
{[%emt 00:00:34]} 28. Rb4 {[%clk 00:08:19]} {[%emt 00:00:04]} Ra2 {[%clk
00:04:07]} {[%emt 00:00:09]} 29. Kg3 {[%clk 00:08:28]} {[%emt 00:00:02]} Rd2
{[%clk 00:03:50]} {[%emt 00:00:26]} 30. Bf1 {[%clk 00:05:49]} {[%emt 00:02:50]}
Kg7 {[%clk 00:03:43]} {[%emt 00:00:17]} 31. a5 {[%clk 00:05:42]} {[%emt
00:00:17]} Rd1 {[%clk 00:02:13]} {[%emt 00:01:39]} 32. Be2 {[%clk 00:05:51]}
{[%emt 00:00:02]} Rd2 {[%clk 00:02:17]} {[%emt 00:00:06]} 33. Bf3 {[%clk
00:05:59]} {[%emt 00:00:02]} Bc8 {[%clk 00:01:46]} {[%emt 00:00:41]} 34. axb6
{[%clk 00:06:07]} {[%emt 00:00:03]} axb6 {[%clk 00:01:54]} {[%emt 00:00:02]} 35.
Rxb6 {[%clk 00:06:06]} {[%emt 00:00:10]} d4 {[%clk 00:01:57]} {[%emt 00:00:07]}
36. exd4 {[%clk 00:05:13]} {[%emt 00:01:02]} Rxd4 {[%clk 00:02:05]} {[%emt
00:00:03]} 37. b4 {[%clk 00:05:13]} {[%emt 00:00:11]} Bd7 {[%clk 00:01:47]}
{[%emt 00:00:27]} 38. Rb7 {[%clk 00:04:30]} {[%emt 00:00:52]} Bc8 {[%clk
00:01:45]} {[%emt 00:00:10]} 39. Rb8 {[%clk 00:04:26]} {[%emt 00:00:17]} Be6
{[%clk 00:00:55]} {[%emt 00:00:59]} 40. b5 {[%clk 00:04:22]} {[%emt 00:00:15]}
Rb4 {[%clk 00:00:56]} {[%emt 00:00:08]} 41. b6 {[%clk 00:04:30]} {[%emt
00:00:03]} Rb3 {[%clk 00:00:37]} {[%emt 00:00:26]} 42. Kh2 {[%clk 00:03:51]}
{[%emt 00:00:52]} Kf6 {[%clk 00:00:22]} {[%emt 00:00:25]} 43. b7 {[%clk
00:03:58]} {[%emt 00:00:03]} Rb4 {[%clk 00:00:13]} {[%emt 00:00:19]} 44. Rd8
{[%clk 00:03:20]} {[%emt 00:00:47]} Rh4+ {[%clk 00:00:17]} {[%emt 00:00:07]} 45.
Kg1 {[%clk 00:03:29]} {[%emt 00:00:01]} Rb4 {[%clk 00:00:25]} {[%emt 00:00:02]}
46. b8=Q {[%clk 00:03:31]} {[%emt 00:00:08]} Rxb8 {[%clk 00:00:33]} {[%emt
00:00:02]} 47. Rxb8 {[%clk 00:03:39]} {[%emt 00:00:02]} 1-0

[Event "British Rapidplay Championship 2023"]
[Site "Mercure Bradford, Bankfield Hotel"]
[Date "2023.04.15"]
[Round "5.17"]
[White "Bramson, Mike"]
[Black "Rogowski, Rafal"]
[Result "1-0"]
[TimeControl "All moves in 15 minutes plus 10 second increment per move from move 1"]
[WhiteElo "1950"]
[BlackElo "1291"]

1. e4 {[%clk 00:15:18]} {[%emt 00:00:01]} e6 {[%clk 00:15:18]} {[%emt
00:00:02]} 2. d4 {[%clk 00:15:26]} {[%emt 00:00:02]} d5 {[%clk 00:15:26]}
{[%emt 00:00:02]} 3. Nd2 {[%clk 00:15:34]} {[%emt 00:00:02]} dxe4 {[%clk
00:15:29]} {[%emt 00:00:07]} 4. Nxe4 {[%clk 00:15:42]} {[%emt 00:00:03]} Nf6
{[%clk 00:15:33]} {[%emt 00:00:06]} 5. Nxf6+ {[%clk 00:15:40]} {[%emt
00:00:12]} Qxf6 {[%clk 00:15:39]} {[%emt 00:00:04]} 6. Nf3 {[%clk 00:15:47]}
{[%emt 00:00:03]} h6 {[%clk 00:15:40]} {[%emt 00:00:08]} 7. Bd3 {[%clk
00:15:42]} {[%emt 00:00:15]} Nc6 {[%clk 00:15:30]} {[%emt 00:00:20]} 8. O-O
{[%clk 00:15:31]} {[%emt 00:00:21]} Bd6 {[%clk 00:15:04]} {[%emt 00:00:37]} 9.
c3 {[%clk 00:15:07]} {[%emt 00:00:34]} O-O {[%clk 00:14:55]} {[%emt 00:00:19]}
10. Re1 {[%clk 00:15:13]} {[%emt 00:00:04]} e5 {[%clk 00:14:23]} {[%emt
00:00:42]} 11. dxe5 {[%clk 00:15:02]} {[%emt 00:00:21]} Nxe5 {[%clk 00:14:23]}
{[%emt 00:00:10]} 12. Nxe5 {[%clk 00:14:58]} {[%emt 00:00:13]} Bxe5 {[%clk
00:14:23]} {[%emt 00:00:10]} 13. Qh5 {[%clk 00:14:57]} {[%emt 00:00:11]} Re8
{[%clk 00:14:04]} {[%emt 00:00:29]} 14. Be3 {[%clk 00:14:44]} {[%emt 00:00:23]}
Be6 {[%clk 00:13:24]} {[%emt 00:00:50]} 15. h3 {[%clk 00:11:17]} {[%emt
00:03:37]} a6 {[%clk 00:13:02]} {[%emt 00:00:33]} 16. Bxh6 {[%clk 00:10:38]}
{[%emt 00:00:48]} Bh2+ {[%clk 00:08:13]} {[%emt 00:04:59]} 17. Kxh2 {[%clk
00:10:45]} {[%emt 00:00:03]} gxh6 {[%clk 00:08:21]} {[%emt 00:00:02]} 18. Re3
{[%clk 00:09:54]} {[%emt 00:01:02]} Rad8 {[%clk 00:07:10]} {[%emt 00:01:21]} 19.
Rf3 {[%clk 00:09:51]} {[%emt 00:00:12]} Qg5 {[%clk 00:07:01]} {[%emt 00:00:20]}
20. Rg3 {[%clk 00:09:59]} {[%emt 00:00:02]} 1-0